Výber odborných textov z francúzštiny pre poslucháčov odboru tlmočníctvo-prekladateľstvo

Bibliographic Details
Main Author: Taraba, Ján, 1948- (Author)
Format: Book
Language:French
Slovak
PhysicalDescription:171 s. tab. 29 cm
Published: Bratislava Univerzita Komenského 1979
Edition:1. vyd.
Series:Vysokoškolské skriptá
Subjects:

MARC

LEADER 00000cam a2200000 a 4500
001 vtls001107284
003 SK-MaSNL
005 20260301191615.0
008 250313s1979 xo a e n 000 0 fre
015 |a SNBA1980 
035 |a SNK000050126 
035 |a urn:nbn:sk:snk-aml802 
035 |a urn:nbn:sk:snk-am008t1x 
035 |a DD8D8E26-C77A-41BF-9922-1E4DB6B7C8CE 
040 |a SNK  |b slo  |c SNK  |e AACR2 
041 0 |a fre  |a slo 
044 |a xo  |c SK 
080 |a 804.0-316.4(075.8)=40  |2 1981 
100 1 |a Taraba, Ján,  |d 1948-  |4 aut  |9 114465 
245 1 0 |a Výber odborných textov z francúzštiny pre poslucháčov odboru tlmočníctvo-prekladateľstvo  |c Ján Taraba 
250 |a 1. vyd. 
260 |a Bratislava  |b Univerzita Komenského  |c 1979 
300 |a 171 s.  |b tab.  |c 29 cm 
366 |e 300 výt. 
490 1 |a Vysokoškolské skriptá 
504 |a Bibliogr. odkazy 
650 0 7 |a francúzština  |2 SNKPH  |9 1355 
655 7 |a učebnice vysokých škôl  |2 SNKPH  |9 70191 
810 2 |a Univerzita Komenského v Bratislave  |t Vysokoškolské skriptá  |9 277216 
830 0 |a Vysokoškolské skriptá  |9 276440 
852 |a Slovenská národná knižnica 
958 |a OND 
958 |a RM 
958 |a NB 
958 |a UV 
999 |c 871649  |d 873579 
952 |t P60, <04>, [BOOK], {604}  |a SNK  |b SNK  |y VYP  |7 0  |p 17A0176331  |o snkSB 29024 D1  |i snkKSP 58/80  |0 0  |1 0  |4 0  |d 1999-01-14  |l 0  |r 2004-12-31 00:00:00  |w 2026-02-24 
952 |a SNK  |b SNK  |y PREZ  |7 0  |p 17A0972807  |o snkSB 29024  |i snkKSP 57/80  |0 0  |1 0  |4 0  |d 2012-07-30  |f 1  |l 0  |r 2025-04-03 00:00:00  |w 2026-02-24